000 00522nam a2200157 a 4500
008 120416s1980 ||||||||||||||||| || u
020 _a0876265824
050 _aQA 76.5 Lin
100 _aLines, M. Vardell
245 1 0 _aMinicomputer Systems
260 _aCambridge:
_bWinthrop
_c1980
300 _ax, 217p. : ill.
350 _a0.00
650 _aMINICOMPUTERS
995 _D0.00
_FCBU-MAIN LIBRARY (Kitwe)
_H1
_I23.95
_M1
_UAVAILABLE
_ZAnnex Low-Usage Collection
999 _c51283
_d51283